01144nam a2200241Ia 4500001000600000003000900006008004100015040001300056040001300069041001300082100002100095100002900116245007900145245007900224250001100303260001200314260001400326260004900340300004300389500041200432650002700844650003100871 6013IT-RoPAU130308s9999 xx 000 0 und d aIT-RoPAU cIT-RoPAU aITALIANO aBertieri Claudio gCodice Aut. SPICS: 9247 aFilm di carta (I)-80 anni di fumetti sullo schermo e di cinema nei fumetti bFilm di Carta (I)-80 Anni di Fumetti Sullo schermo e di Cinema Nei Fumetti a1a ed. aFIRENZE bVallecchi c1979 [1° Ed.:1979 - Ed.Ling.Originale:1979] a"140 p. (prefazione: no ; testo: 140)" aCinema e Fumetti comici di Carta Skippy Tarzan Gordon Fumetti Radiofonici supereroi Jiggs e Joe Palooka Teatro di Bonaventura Ispettore temple Tintinroy Lichtenstein e la pop Art Grafiteatro di Copi Batman Modesty Blaise Napoleon e Illya Diabolik Barbarella William Klein Jessua Feiffer Thurber Baba Yaga Tiffany Flash Gordon Bonvicini Woody Allen Eroi di Carta Sullo schermo Filmografia Generale dei Comics aGENERI CINEMATOGRAFICI eCodice materia Spics: 6810